000 00542nam a2200205Ia 4500
005 20250326144758.0
008 250326s9999 xx 000 0 und d
020 _a0-943210-00-03
037 _aTextbook
040 _aFMSL
_beng
_cFMSL
041 _aeng
_2eng
084 _aT3 N6.2
_qFMSL
100 _aZielinski D
245 0 _aAdult learning in your classroom
_cZielinski D
250 _a3
260 _aMinneapolis
_bMinneapolis, Lakewood
_c1996
300 _a196p
942 _cTB
_hT3 N6.2
999 _c1305017
_d1305017